000 00897nam a22002651u 4500
001 07341
003 HDC
007 cr bn ---aaaaa
008 210127p2015 o d 00 engg
040 _aHDC
110 _aCrescentRating Pte Ltd
245 0 _aMuslim Friendly Tourism (MFT)
246 _aUnderstanding the demand and supply sides in the OIC Member Countries
260 _a[No Place] :
_b[publisher not identified],
_c2015
300 _a24 pages :
_billustrations
336 _atext
_2rdacontent
337 _acomputer
_2rdamedia
338 _aonline resource
_2rdacarrier
650 _amuslim friendly
_9834
650 _aOIC member
_97877
856 _zRequest full-text at [email protected]
942 _2lcc
942 _cSLIDE
942 _kSLID 000765
999 _c4665
_d4665